00621nam a2200205 a 450000100060000000300080000600500170001400800410003103500190007204000320009104100080012308200260013110000180015724500580017526000470023330000270028050400350030760000440034265000290038662957BD-RjUL20211209081139.0170126s1965 enk b 001 0 eng  a(BD-RjUL)63085 aDLCcFdOCoLCdBD-RjULbeng aeng a823.912223bTHS 19651 aThakur, N. C.14aThe symbolism of Virginia Woolf /c[by] N. C. Thakur. aLondon :bOxford University Press,cc1965. aviii, 171 p. ;c23 cm. aInclude Bibliography and index10aWoolf, Virginia,d1882-1941xSymbolism. 0aSymbolism in literature.